|
|
|
|
| LEADER |
02253nam a2200361 a 4500 |
| 001 |
GR-MES14750 |
| 008 |
050120s2007 gr g 000 0 gre d |
| 020 |
|
|
|q (Set)
|z 960-92234-8-5
|
| 020 |
|
|
|q (τ.1)
|z 960-92234-9-2
|
| 020 |
|
|
|q (τ.2)
|z 960-92557-0-7
|
| 020 |
|
|
|q (τ.3)
|z 960-92557-1-4
|
| 020 |
|
|
|q (τ.4)
|
| 040 |
|
|
|a GrPaTEI
|b gre
|c GR-PaULI
|
| 040 |
|
|
|a GrPaTEI
|b gre
|c GR-PaULI
|
| 044 |
|
|
|b gr
|
| 082 |
|
0 |
|a 343.052
|2 21
|
| 100 |
1 |
|
|a Σταματόπουλος, Δημήτρης Π.
|
| 245 |
1 |
0 |
|a Φορολογία εισοδήματος φυσικών και νομικών προσώπων :
|b Διατάξεις και ερμηνεία /
|c Δημήτρης Σταματόπουλος, Αντώνης Καραβοκύρης.
|
| 250 |
|
|
|a 5η έκδ.
|
| 260 |
|
|
|a Αθήνα :
|b Elforin,
|c 2007
|
| 300 |
|
|
|a 3 τ. ;
|c 24 εκ.
|
| 504 |
|
|
|a Περιλαμβάνει βιβλιογραφία.
|
| 505 |
1 |
|
|a τ.1: Άρθρα 1-23 - τ.2: Άρθρα 24-55 - τ.3: Άρθρα 56-118.
|
| 650 |
|
4 |
|a Φορολογία
|x Δίκαιο και νομοθεσία
|z Ελλάς
|
| 650 |
|
4 |
|a Φόρος εισοδήματος
|x Δίκαιο και νομοθεσία
|z Ελλάς
|
| 700 |
1 |
|
|a Καραβοκύρης, Αντώνης
|
| 942 |
|
|
|2 ddc
|
| 952 |
|
|
|0 0
|1 0
|2 ddc
|3 τ.1
|4 0
|6 343_052000000000000_ΣΤΑ
|7 0
|9 272631
|a MSLG
|b MSLG
|c BSC
|d 2021-01-17
|e 24
|f 0
|g 0.00
|l 0
|o 343.052 ΣΤΑ
|p 2420000023292
|r 2021-01-17 00:00:00
|t 1
|w 2021-01-17
|y BK15
|x 20090209 0 ΤΣΑΝΤΑΡΛΙΩΤΗ 1
|x GrPaTEI
|
| 952 |
|
|
|0 0
|1 0
|2 ddc
|3 τ.2
|4 0
|6 343_052000000000000_ΣΤΑ
|7 0
|9 272632
|a MSLG
|b MSLG
|c BSC
|d 2021-01-17
|e 24
|f 0
|g 0.00
|l 0
|o 343.052 ΣΤΑ
|p 2420000023293
|r 2021-01-17 00:00:00
|t 1
|w 2021-01-17
|y BK15
|x 20090209 0 ΤΣΑΝΤΑΡΛΙΩΤΗ 1
|x GrPaTEI
|
| 952 |
|
|
|0 0
|1 0
|2 ddc
|3 τ.3
|4 0
|6 343_052000000000000_ΣΤΑ
|7 0
|9 272633
|a MSLG
|b MSLG
|c BSC
|d 2021-01-17
|e 24
|f 0
|g 0.00
|l 0
|o 343.052 ΣΤΑ
|p 2420000023294
|r 2021-01-17 00:00:00
|t 1
|w 2021-01-17
|y BK15
|x 20090209 0 ΤΣΑΝΤΑΡΛΙΩΤΗ 1
|x GrPaTEI
|
| 952 |
|
|
|0 0
|1 0
|2 ddc
|3 τ.4
|4 0
|6 343_052000000000000_ΣΤΑ
|7 0
|9 272634
|a MSLG
|b MSLG
|c BSC
|d 2021-01-17
|e 24
|f 1
|g 0.00
|l 0
|o 343.052 ΣΤΑ
|p 2420000023300
|r 2021-01-17 00:00:00
|t 1
|w 2021-01-17
|y BK15
|x 20090910 0 1
|x GrPaTEI
|
| 971 |
|
|
|a .b25807997
|b 16-04-20
|c 13-09-16
|
| 999 |
|
|
|c 157718
|d 157718
|